Cathode ray tube displays / (Record no. 73159)
[ view plain ]
| 000 -LEADER | |
|---|---|
| fixed length control field | 01015nam a2200253 a 4500 |
| 001 - CONTROL NUMBER | |
| control field | 73159 |
| 003 - CONTROL NUMBER IDENTIFIER | |
| rucl marc code | BD-RjUL |
| 005 - DATE AND TIME OF LATEST TRANSACTION | |
| control field | 20211209082345.0 |
| 008 - FIXED-LENGTH DATA ELEMENTS--GENERAL INFORMATION | |
| fixed length control field | 170528s1948 nyua 001 0 eng |
| 035 ## - SYSTEM CONTROL NUMBER | |
| System control number | (BD-RjUL)73377 |
| 040 ## - CATALOGING SOURCE | |
| Original cataloging agency | DLC |
| Transcribing agency | TOL |
| Modifying agency | BD-RjUL |
| Language of cataloging | eng |
| 041 ## - LANGUAGE CODE | |
| Language code of text/sound track or separate title | eng |
| 082 ## - DEWEY DECIMAL CLASSIFICATION NUMBER | |
| Edition number | 23 |
| Classification number | 621.3815422 |
| Author mark and year | CAT 1948 |
| 245 10 - TITLE STATEMENT | |
| Title | Cathode ray tube displays / |
| Statement of responsibility, etc. | ed. by Theodore Soller, Merle A. Starr and George E. Valley, Jr. under the supervision of the Office of Scientific Research and Development, National Defense Research Committee. |
| 260 ## - PUBLICATION, DISTRIBUTION, ETC. (IMPRINT) | |
| Place of publication, distribution, etc. | New York : |
| Name of publisher, distributor, etc. | McGraw-Hill Book Co., |
| Date of publication, distribution, etc. | 1948. |
| 300 ## - PHYSICAL DESCRIPTION | |
| Pagination | xvii, 746 p. : |
| Illustrations | ill. ; |
| Size | 24 cm. |
| 490 1# - SERIES STATEMENT | |
| Series statement | Radiation Laboratory series (Massachusetts Institute of Technology); |
| Volume/sequential designation | 22 |
| 650 #0 - SUBJECT ADDED ENTRY--TOPICAL TERM | |
| Topical term or geographic name as entry element | Cathode ray tubes. |
| 9 (RLIN) | 212828 |
| 700 1# - ADDED ENTRY--PERSONAL NAME | |
| Personal name | Soller, Theodore, |
| Personal name | Starr, Merle A. |
| Fuller form of name | (Merle Arthur), |
| Personal name | Valley, George E. |
| Fuller form of name | (George Edward), |
| Dates associated with a name | 1913- |
| 830 #0 - SERIES ADDED ENTRY--UNIFORM TITLE | |
| Uniform title | Radiation Laboratory series ; |
| Volume number/sequential designation | 22. |
| 942 ## - ADDED ENTRY ELEMENTS (KOHA) | |
| Source of classification or shelving scheme | Dewey Decimal Classification |
| Koha item type | Books |
| Lost status | Source of classification or shelving scheme | Damaged status | Not for loan | Collection code | Permanent Location | Current Location | Shelving location | Date acquired | Source of acquisition | Cost, normal purchase price | Total Checkouts | Full call number | Date last seen | Copy number | Koha item type |
|---|---|---|---|---|---|---|---|---|---|---|---|---|---|---|---|
| Dewey Decimal Classification | Not For Loan | Non-fiction | Central Library, University of Rajshahi | Central Library, University of Rajshahi | Reading Room | 29/01/1962 | B.H.Black Well | 4.13 | 621.3815422 CAT 1948 | 28/05/2017 | C-1 | Books |